000 00768nam a22002417a 4500
999 _c332888
_d332888
001 46780
003 UA-OsUOA
005 20191228092916.0
007 ta
008 20070705b un ||||| |||| 00| 0 ukr d
020 _a966-346-148-9
040 _aUA-OsUOA
_brus
_cUA-OsUOA
_dUA-OsUOA
041 _arus
080 _a651(075.8)
090 _a651(075.8)
_bК96
100 _aКушнаренко Н.Н.
245 _aДокументоведение
_bучебник
_c7-е изд., стереотипное
260 _aК.
_bЗнання
_c2006
300 _a459 с.
650 7 _a651 Конторська (канцелярська) справа. Офіс-менеджмент. Діловодство. Оргтехніка
_2UDC
942 _cBK
_2udc
955 _a2